An epsilon of room, I : real analysis : pages from year three of a mathematical blog

Αποθηκεύτηκε σε:
Λεπτομέρειες βιβλιογραφικής εγγραφής
Κύριος συγγραφέας: Tao, Terence 1975-
Μορφή: Βιβλίο
Γλώσσα:English
Δημοσίευση: Providence, R.I. : American Mathematical Society, c2010.
Σειρά:Graduate studies in mathematics ; 117
Θέματα:
Ετικέτες: Προσθήκη ετικέτας
Δεν υπάρχουν, Καταχωρήστε ετικέτα πρώτοι!

MARC

LEADER 00000nam a2200000 a 4500
001 1/108119
008 150825t2010####riu| ||| |||| ||eng||
020 |a 9780821852781 
040 |a GR-MyUa  |b gre  |c GR-MyUa  |e AACR2 
041 0 |a eng 
082 7 |a 515.2433   |2 (23)  
100 1 |a Tao, Terence  |d 1975- 
245 1 0 |a An epsilon of room, I :   |b real analysis : pages from year three of a mathematical blog /   |c Terence Tao.  
260 |a Providence, R.I. :   |b American Mathematical Society,   |c c2010.  
300 |a xi, 349 σ. ;   |c 26 εκ.  
490 1 |a (Graduate studies in mathematics)   |v ; 117 
504 |a Βιβλιογραφία: σ. 339-344. Ευρετήριο.  
650 0 |a Harmonic analysis  |x Textbooks. 
650 0 |a Functional analysis  |x Textbooks. 
830 0 |a Graduate studies in mathematics ;  |v 117 
852 |a INST  |b SAMOS  |e 20150825  |h 515.2433 TAO  |p 005300042562  |q 005300042562  |t BK  |y 0 
922 |a 3ΕΛΗ  |b 201504  |c Τμήμα Μαθηματικών  |d Διαδρομές 
970 |a Κοσιέρης  |b Χρήστος  |z 25-08-2015